Statistieken voor Nummers 1-100 in 15 seconden

Klik hier om de quiz te nemen!

Algemene statistieken

  • Deze quiz is 519 keer genomen
  • De gemiddelde score is 20 van 100

Antwoordstatistieken

Number% Correct
1
100%
2
100%
3
98%
4
96%
5
95%
6
95%
7
94%
8
94%
9
93%
10
88%
11
86%
12
80%
13
79%
14
77%
15
74%
16
70%
17
68%
18
63%
19
60%
20
54%
21
51%
22
49%
23
44%
24
41%
25
37%
26
32%
27
22%
28
22%
29
21%
30
16%
31
14%
32
11%
33
5%
34
5%
35
4%
100
1%
36
1%
37
1%
38
0%
39
0%
40
0%
41
0%
42
0%
43
0%
44
0%
45
0%
46
0%
47
0%
48
0%
49
0%
50
0%
51
0%
52
0%
53
0%
54
0%
55
0%
56
0%
57
0%
58
0%
59
0%
60
0%
61
0%
62
0%
63
0%
64
0%
65
0%
66
0%
67
0%
68
0%
69
0%
70
0%
71
0%
72
0%
73
0%
74
0%
75
0%
76
0%
77
0%
78
0%
79
0%
80
0%
81
0%
82
0%
83
0%
84
0%
85
0%
86
0%
87
0%
88
0%
89
0%
90
0%
91
0%
92
0%
93
0%
94
0%
95
0%
96
0%
97
0%
98
0%
99
0%

Scoreverdeling

Percentiel versus Aantal Correcte Antwoorden

Procent van Mensen met Elke Score

Uw Scoregeschiedenis

U heeft deze quiz nog niet genomen